01107nam a2200301Ia 450000500170000000800410001702000190005810000450007724500770012225000390019930000270023849000210026550500260028665000270031265000320033965000310037170000510040274000260045394200150047926400330049433600270052733700330055433800280058704000350061508400110065099900150066195201290067620220317001030.0160825s2008 ck g 000 0 spa  a978958300220121 aCalderón de la Barca, Pedrod1600-168113aLa vida es sueño bEl alcalde de ZalameacPedro Calderón de la Barca a1a. edición b8a. reimpresión  a306 páginas c16 cm  aTeatro universal aEl alcalde de Zalamea142LEMBaTeatro español142LEMBaLiteratura español 142LEMB aComedia española 1 aCalderón de la Barca, Pedrod1600-16896467832aEl alcalde de Zalamea 2loccBKLIT aBogotábPanamericanac2008 atextobtxt2rdacontent asin mediaciónbn2rdamedia avolumenbnc2rdacarrier aCO-BoRNBPbspaerdacCO-BoRNBP aT CAL2 c5727d5727 00102ddc40708GENaMELEJANIbMELEJANIcGENd2026-02-04l0oT CAL2pLEJ02104r2026-02-04 22:01:39tEj.1w2026-02-04yBKLIT